| 000 | 00401nam a2200157Ia 4500 | ||
|---|---|---|---|
| 008 | 151213s9999 xx 000 0 und d | ||
| 100 | _aStephen P. Robbins | ||
| 245 |
_aOrganizational behavior _cStephen P. Robbins |
||
| 250 | _a9th | ||
| 260 |
_aNew Delhi _bPrentice hall _c2000 |
||
| 300 | _a1006 p. | ||
| 650 | _aManagement | ||
| 650 | _aManagement | ||
| 700 | _aStephen P. Robbins | ||
| 999 |
_c1001 _d1001 |
||